| 000 | 00622ntaaa2200217 4500 | ||
|---|---|---|---|
| 003 | 01 | ||
| 005 | 20251027201638.0 | ||
| 008 | 0714s1973 ag 01 | ||
| 040 |
_aAR-BaBN _bspa _cAR-BaBN _eaacr _dRIC |
||
| 082 | _a232.0000 R19 | ||
| 100 | _aRaven, Charles E | ||
| 245 | _aApollinarianism | ||
| 250 | _a1 ed. | ||
| 260 |
_aCambridge : _bCambridge University Press, _c1923 |
||
| 300 | _a312 p | ||
| 500 | _aAn essay on the development of Christian doctrine with special reference to the appollinarian heresy | ||
| 650 |
_acristologĂa _91723 |
||
| 650 |
_aiglesia primitiva _91875 |
||
| 650 | _ateologĂa | ||
| 942 | _cBK | ||
| 999 |
_c11134 _d11134 |
||